Central Library OPAC University of Rajshahi

Tarzan at the earth's core / (Record no. 55870)

MARC details
000 -LEADER
fixed length control field 00694nam a2200229 a 4500
001 - CONTROL NUMBER
control field 55870
003 - CONTROL NUMBER IDENTIFIER
rucl marc code BD-RJUL
005 - DATE AND TIME OF LATEST TRANSACTION
control field 20211209080326.0
008 - FIXED-LENGTH DATA ELEMENTS--GENERAL INFORMATION
fixed length control field 161122s1959 enk 000 1 und d
035 ## - SYSTEM CONTROL NUMBER
System control number (BD-RJUL)
040 ## - CATALOGING SOURCE
Original cataloging agency EQO
Transcribing agency EQO
Language of cataloging eng
041 ## - LANGUAGE CODE
Language code of text/sound track or separate title eng
082 ## - DEWEY DECIMAL CLASSIFICATION NUMBER
Edition number 23
Classification number 823
Author mark and year BUT 1959
100 1# - MAIN ENTRY--PERSONAL NAME
Personal name Burroughs, Edgar Rice.
9 (RLIN) 166348
245 10 - TITLE STATEMENT
Title Tarzan at the earth's core /
Statement of responsibility, etc. Edgar Rice Burroughs
260 ## - PUBLICATION, DISTRIBUTION, ETC. (IMPRINT)
Place of publication, distribution, etc. London :
Date of publication, distribution, etc. LANDSBOROUGH PUBLICATIONS LIMITED,
Name of publisher, distributor, etc. 1959.
300 ## - PHYSICAL DESCRIPTION
Pagination 188 p. ;
Size 19 cm.
490 ## - SERIES STATEMENT
Series statement A Four square books
650 ## - SUBJECT ADDED ENTRY--TOPICAL TERM
Topical term or geographic name as entry element Tarzan (Fictitious character) -- Fiction.
Form subdivision Tarzan (Fictitious character)
9 (RLIN) 166349
856 ## - ELECTRONIC LOCATION AND ACCESS
Uniform Resource Identifier <a href="A Four square books">A Four square books</a>
942 ## - ADDED ENTRY ELEMENTS (KOHA)
Source of classification or shelving scheme Dewey Decimal Classification
Koha item type Books
Holdings
Lost status Source of classification or shelving scheme Damaged status Not for loan Collection code Permanent Location Current Location Shelving location Date acquired Source of acquisition Cost, normal purchase price Total Checkouts Full call number Date last seen Copy number Koha item type
  Dewey Decimal Classification     Fiction Central Library, University of Rajshahi Central Library, University of Rajshahi   20/02/1963 Zeitlinger 2.06   823 BUT 1959 22/11/2016 C-2 Books